Direito processual penal : (Record no. 713)
[ view plain ]
| 000 -LÍDER | |
|---|---|
| Campo Fixo de Controle | 00887nam a2200265 a 4500 |
| 001 - NÚMERO DE CONTROLE | |
| Campo de Controle | 713 |
| 003 - IDENTIFICAÇÃO DO NÚMERO DE CONTROLE | |
| Campo de Controle | BR-CuiBMT |
| 005 - DATA E HORA DA ÚLTIMA ATUALIZAÇÃO | |
| Campo de Controle | 20231127163618.0 |
| 008 - DADOS FIXOS | |
| Dados Fixos | 231114s2015 baba 000 0 por d |
| 040 ## - AGÊNCIA CATALOGADORA | |
| Código da Agência Catalogadora | BR-CuiBMT |
| Agência que transcreveu o registro | BR-CuiBMT |
| 080 ## - Nº DA CLASSIFICAÇÃO DECIMAL UNIVERSAL | |
| Nº edição CDU | 2007 |
| Nº Class. CDU | 343.1 |
| 090 ## - NÚMERO DE CHAMADA | |
| Nº classificação | 343.1 |
| Cutter | A474d |
| Ano/Edição | 5. ed. |
| 100 1# - ENTRADA PRINCIPAL -- AUTOR PESSOAL | |
| Nome pessoal | Alves, Leonardo Barreto Moreira, |
| Datas associadas ao nome | 1980- |
| 245 10 - TÍTULO PRINCIPAL | |
| Título principal | Direito processual penal : |
| Subtítulo | parte geral / |
| Indicação de responsabilidade | Leonardo Barreto Moreira Alves. |
| 246 34 - FORMAS VARIANTES DO TÍTULO | |
| Título principal | Processo penal : |
| Subtítulo | parte geral |
| 250 ## - EDIÇÃO | |
| Edição | 5. ed., rev., ampl. e atual. |
| 260 ## - PUBLICAÇÃO, DISTRIBUIÇÃO, ETC. | |
| Local de publicação | Salvador : |
| Editora | JusPODIVM, |
| Data | 2015. |
| 300 ## - DESCRIÇÃO FÍSICA | |
| N. páginas ou volumes | 399 p. : |
| Ilustrações | il. color. ; |
| Dimensões | 21 cm |
| 490 1# - INDICAÇÃO DE SÉRIE | |
| Título da série | Coleção sinopses para concursos ; |
| Volume/designação sequencial da série | v. 7 |
| 504 1# - NOTA DE BIBLIOGRAFIA, ETC. | |
| Nota de bibliografia | Inclui bibliografia. |
| 650 ## - ASSUNTO TÓPICO | |
| Cabeçalho tópico ou nome geográfico | Direito penal |
| Subdivisão geral | Ação penal |
| Subdivisão geográfica | Brasil |
| 650 ## - ASSUNTO TÓPICO | |
| Cabeçalho tópico ou nome geográfico | Processo penal |
| Subdivisão geral | Estudo e ensino (concursos) |
| Subdivisão geográfica | Brasil |
| 830 #0 - ENTRADA SECUNDÁRIA DE SÉRIE -- TÍTULO UNIFORME | |
| Título uniforme | Sinopses para concursos ; |
| Nº do volume/designação sequencial da série | 7 |
| 942 ## - ELEMENTOS DE ENTRADA ADICIONAIS (KOHA) | |
| Fonte de classificação ou esquema de arquivamento | Classificação Decimal Universal |
| Tipo de item do Koha | Livros |
| Estado: removido | Estado: perdido | Fonte de classificação ou esquema de arquivamento | Estado: danificado | Indisponível para empréstimo | Localização permanente | Localização atual | Data de aquisição | Total Checkouts | Número de Chamada completo | Código de barras | Date last seen | Número do exemplar | Preço efetivo a partir de | Tipo de item (Koha) |
|---|---|---|---|---|---|---|---|---|---|---|---|---|---|---|
| Classificação Decimal Universal | Biblioteca da Escola Superior de Contas do TCE/MT | Biblioteca da Escola Superior de Contas do TCE/MT | 19/06/2019 | 343.1 A474d 5. ed. | BIBTCEMT23110564 | 14/11/2023 | Ex. 1 | 14/11/2023 | Livros |